<?xml version="1.0" encoding="UTF-8"?>
<record
    xmlns:xsi="http://www.w3.org/2001/XMLSchema-instance"
    xsi:schemaLocation="http://www.loc.gov/MARC21/slim http://www.loc.gov/standards/marcxml/schema/MARC21slim.xsd"
    xmlns="http://www.loc.gov/MARC21/slim">

  <leader>02526nam a2200241Ia 4500</leader>
  <controlfield tag="003">OSt</controlfield>
  <controlfield tag="005">20210921121030.0</controlfield>
  <controlfield tag="008">210310t1967    eu     fr     000 0 eng d</controlfield>
  <datafield tag="040" ind1=" " ind2=" ">
    <subfield code="a">CO-JMCR</subfield>
    <subfield code="c">CO-JMCR</subfield>
  </datafield>
  <datafield tag="041" ind1="0" ind2=" ">
    <subfield code="a">eng</subfield>
  </datafield>
  <datafield tag="082" ind1="0" ind2="4">
    <subfield code="a">368.4008 /</subfield>
    <subfield code="b">E192s</subfield>
    <subfield code="2">23</subfield>
  </datafield>
  <datafield tag="100" ind1="1" ind2=" ">
    <subfield code="a">Eckstein, Otto, </subfield>
    <subfield code="9">17671</subfield>
    <subfield code="e">editor</subfield>
  </datafield>
  <datafield tag="245" ind1="1" ind2="0">
    <subfield code="a">Studies in the economics of income maintenance / </subfield>
    <subfield code="c">Otto Eckstein, editor</subfield>
  </datafield>
  <datafield tag="260" ind1=" " ind2=" ">
    <subfield code="a">Washington : </subfield>
    <subfield code="b">Brookings Institution, </subfield>
    <subfield code="c">&#xA9;1967</subfield>
  </datafield>
  <datafield tag="300" ind1=" " ind2=" ">
    <subfield code="a">xvi, 254 p&#xE1;ginas : </subfield>
    <subfield code="b">ilustraciones y gr&#xE1;ficas a blanco y negro ; </subfield>
    <subfield code="c">23 cm.</subfield>
  </datafield>
  <datafield tag="490" ind1="0" ind2=" ">
    <subfield code="a">Studies of government finance</subfield>
  </datafield>
  <datafield tag="500" ind1=" " ind2=" ">
    <subfield code="a">Incluye notas a pie de p&#xE1;gina.</subfield>
  </datafield>
  <datafield tag="505" ind1="0" ind2=" ">
    <subfield code="t">Social security: international comparisons / </subfield>
    <subfield code="r">Henry Aaron</subfield>
    <subfield code="t">Benefits under the american social security system / </subfield>
    <subfield code="r">Henry Aaron</subfield>
    <subfield code="t">Unemployment compensation: the massachusetts experience / </subfield>
    <subfield code="r">Charles Warden</subfield>
    <subfield code="t">Public assistance expenditures in the United States / </subfield>
    <subfield code="r">Lora S.Collins</subfield>
    <subfield code="t">The Mack Case: A study in unemployment /</subfield>
    <subfield code="r">John W. Dorsey</subfield>
  </datafield>
  <datafield tag="520" ind1="3" ind2=" ">
    <subfield code="a">Government policies to improve the well-being of low-income people have come under increasing scrutiny in recent years. In the mid-1960's. income maintenance payments reached about $35 billion, or 17 percent of all public expenditures in the United States. The studies in this volume, which are introduced and summarized by Otto Eckstein, deal with spe cific aspects of current programs. Henry Aaron seeks to correlate the differences in income maintenance expenditures in twenty-two countries with selected variables, and computes the lifetime income redistributions associated with the U.S. Social Security system. Charles Warden, Jr, uses statistical techniques to classify the costs of the Massachusetts unemployment compensation system according to the types of unemployment which cause them. Lora S. Collins investigates the extent to which interstate variations in expenditures, recipient rates, and average payments under public as sistance programs can be explained by objective economic factors. John W. Dorsey analyzes the economic adjustments of workers to the relocation of an industrial plant. Because some of the workers received very substantial private and public income mainter ince payments his study sheds light on the economic effects of such payments Otto Eckstein directed the preparation of these studies as doctoral dissertations at Harvard University</subfield>
  </datafield>
  <datafield tag="650" ind1="1" ind2="4">
    <subfield code="a">Seguridad social </subfield>
    <subfield code="9">17673</subfield>
    <subfield code="z">Estados Unidos</subfield>
  </datafield>
  <datafield tag="650" ind1="2" ind2="4">
    <subfield code="a">Seguridad social </subfield>
    <subfield code="x">Estudios de caso</subfield>
    <subfield code="z">Estados Unidos</subfield>
    <subfield code="9">40667</subfield>
  </datafield>
  <datafield tag="942" ind1=" " ind2=" ">
    <subfield code="2">ddc</subfield>
    <subfield code="c">BK</subfield>
  </datafield>
  <datafield tag="999" ind1=" " ind2=" ">
    <subfield code="c">8575</subfield>
    <subfield code="d">8575</subfield>
  </datafield>
  <datafield tag="952" ind1=" " ind2=" ">
    <subfield code="0">0</subfield>
    <subfield code="1">0</subfield>
    <subfield code="2">ddc</subfield>
    <subfield code="4">0</subfield>
    <subfield code="7">0</subfield>
    <subfield code="8">NFIC</subfield>
    <subfield code="a">CPL</subfield>
    <subfield code="b">CPL</subfield>
    <subfield code="d">2018-04-15</subfield>
    <subfield code="e">Donaci&#xF3;n</subfield>
    <subfield code="o">368.4008 / E192s</subfield>
    <subfield code="p">430006251</subfield>
    <subfield code="r">2024-05-16 00:00:00</subfield>
    <subfield code="t">Ej.1</subfield>
    <subfield code="y">BK</subfield>
  </datafield>
</record>
